| 000 | 01823nam2a2200313 4500 | ||
|---|---|---|---|
| 001 | RU\NLR\bibl\1094428 | ||
| 005 | 20260407162826.0 | ||
| 010 |
_a5-88719-076-0 _9250 |
||
| 021 |
_aRU _b2007-28787 _91531 |
||
| 035 | _a(NLR Aleph) 001081549 | ||
| 090 |
_a1061727 _c1061727 |
||
| 100 | _a20070604d2007 |||y0rusy50 ca | ||
| 101 | 0 |
_arus _abak |
|
| 102 | _aRU | ||
| 105 | _ay ||||||||| | ||
| 200 | 0 |
_aВып. 8 _fОтд. образования Администрации муницип. р-на Белебеев. р-н _g[сост. - Д.С. Ахметзянов и др.] |
|
| 210 |
_d2007 _aБ. м. |
||
| 215 | _a95 с. | ||
| 300 | _aНа тит. л.: Фестивалю поэзии "Илхам шишмэлэре-2007" ("Родники вдохновения-2007") посвящается | ||
| 300 | _aЧасть текста на башк. яз. | ||
| 461 | 0 |
_1001RU\NLR\bibl\541260 _12001#$aПроба пера$vВып. 8 _91368096 _cБелебей _d2004 _fОтд. образования администрации г. Белебея и Белебеев. р-на _nОтд. образования администрации Белебеев. р-на и г. Белебея _o(Сб. стихов учащихся) _tПроба пера _vВып. 8 |
|
| 711 | 1 | 2 |
_a"Родники вдохновения - 2007", башкирский республиканский фестиваль поэзии _eБелебей _3RU\NLR\AUTH\8810101394 _9703711 |
| 712 | 0 | 1 |
_4570 _aБелебеевский район _cРеспублика Башкортостан _bАдминистрация _3RU\NLR\AUTH\8810085688 _9673271 |
| 801 | 0 |
_aRU _bNLR _c20070604 _gRCR |
|
| 801 | 1 |
_aRU _bNLR _c20070604 |
|
| 942 | _cBOOK | ||
| 980 | _aNB | ||